Sanat - "Lämmin lumi peittää maan" - Statistics

Yleistilastot
  • Tätä visaa on pelattu 8 kertaa
  • Keskiarvotulos 150 / 210
Vastaustilastot
Vastaus % Oikein
lämmin
100%
lumi
100%
100%
peittää
100%
ainiaan
83%
Ei
83%
ei
83%
ja
83%
jatkua
83%
katsomaan
83%
kauan
83%
kiirehdittäis
83%
kuin
83%
kun
83%
maan
83%
niin
83%
ollenkaan
83%
oltaisiin
83%
oot
83%
rauhassa
83%
83%
saan
83%
se
83%
täällä
83%
tän
83%
uskomaan
83%
vaan
83%
viettää
83%
vois
83%
ihmeisiin
67%
ikkunaan
67%
joulu
67%
joulun
67%
kanssas
67%
Lapset
67%
leikkii
67%
mun
67%
on
67%
sitä
67%
tuun
67%
heijastuu
50%
hymyilen
50%
ilta
50%
itsekseni
50%
jossain
50%
juhlan
50%
kantaa
50%
koristeet
50%
kynttilään
50%
lahjat
50%
Lahjat
50%
laulut
50%
lehtee
50%
leikkejään
50%
liekin
50%
mentäis
50%
miehen
50%
mukanasi
50%
mut
50%
nään
50%
ostoskassejaan
50%
radiossa
50%
sekä
50%
selailen
50%
sen
50%
soitetaan
50%
sytyttävän
50%
taas
50%
teet
50%
tuot
50%
uudestaan
50%
vain
50%
väki
50%
Valo
50%
vanhan
50%
viereiseen
50%
edessäin
33%
hengen
33%
hiljenee
33%
huoneisiin
33%
juosten
33%
Kaupunki
33%
näihin
33%
oon
33%
oottanu
33%
sanaton
33%
seison
33%
sua
33%
valkoinen
33%
luot
17%
tutut
17%
tyyneys
17%
Ehtoja vastaavia visoja ei löytynyt
Tulosjakauma
Jokaisen tuloksen saaneiden osuus
Persentiili vastausten määrän mukaan
Tuloshistoriasi
Et ole pelannut tätä visaa